000 00550pab a2200205 454500
008 180718b2003 xxu||||| |||| 00| 0 eng d
100 _aDalton, Russell J.
245 _aThe environmental movement and the modes of political action
260 _c2003
300 _ap.743-71.
362 _aSep
650 _aProtest movements
650 _aInterest groups
650 _aSocial movements
650 _aEnvironment
700 _aRohrschneider, Robert
700 _aRecchia, Steve
773 _aComparative Political Studies
909 _a58196
999 _c58196
_d58196